Passi di danza.

সংরক্ষণ করুন:
গ্রন্থ-পঞ্জীর বিবরন
বিন্যাস: গ্রন্থ
ভাষা:ইতালিয়
প্রকাশিত: Milano : SugarCo, 1981
মালা:Segni ; 4
বিষয়গুলি:
ট্যাগগুলো: ট্যাগ যুক্ত করুন
কোনো ট্যাগ নেই, প্রথমজন হিসাবে ট্যাগ করুন!

MARC

LEADER 00000nam a22000007i 4500
001 IT\ICCU\SBL\0343667
003 ItRI
005 20260115232225.0
008 910930s1981 it |||||| ||||| |||||c
015 |2 IT  |a 813588 
040 |b ita  |c importazione bologna sebina 
041 7 |a ita  |2 ISO-639-2 
082 |a 793.3  |9 DANZA  |2 18 
245 0 0 |a Passi di danza. 
260 |a Milano :  |b SugarCo,  |c 1981 
300 |a 71 p. :  |b in gran parte ill. ;  |c 29 cm . 
650 7 |a Danzatrici  |x Fotografie  |2 scbi 
650 7 |a Danza 
830 0 |a Segni ;  |v 4  |0 IT\ICCU\SBL\0304716 
942 |2 ddc  |c BK  |n 0 
952 |0 0  |1 0  |4 0  |6 DOC_779_979000000000000_PAS  |7 0  |9 22317  |a BO  |b BO  |d 2026-01-15  |i 2579  |l 0  |o DOC 779.979 PAS  |p BO2579  |r 2026-01-15 23:22:25  |w 2026-01-15  |x [Sebina 7] [1 v.]  |y BK  |z 1 v. 
999 |c 19059  |d 19059